000 00949nam a2200253 a 4500
001 13917
003 BD-JhCC
005 20240515094249.0
008 210831b2024 bg |||| ||a| 000 0 ben d
020 _a9789849812968
035 _a(BD-JhCC)13917
040 _aBD-JhCC
_dBD-JhCC
041 _aBengali
082 _223
_a297.4092
_bBAD 2024
100 _a বাদরি ,মালিক
245 _aঅভিচিন্তন:
_bএকটি ইসলামী মনোআধ্যাত্মিক চর্চা /
_cমালিক বাদরি ,অনু: ইমদাদুল হক,আব্দুল ওয়াহিদ লু’লু ।
260 _aঢাকা:
_bBIIT;
_c২০২৪.
300 _a216 p. :
_c22 cm.
650 _aSpirituality and Sufism
700 _a লু’লু ,আব্দুল ওয়াহিদ
700 _aহক,ইমদাদুল
942 _2ddc
_cBK
_02
999 _c13917
_d13917